| 000 | 00745nam a22002537a 4500 | ||
|---|---|---|---|
| 003 | CHAP | ||
| 005 | 20220329134825.0 | ||
| 008 | 971013s1971 r 00010 d | ||
| 010 | _a26527 | ||
| 011 | _a27499 | ||
| 035 | _a31600 | ||
| 040 | _cCHAP | ||
| 082 |
_a581.21 _bI8 |
||
| 100 | 0 | 0 |
_aIshizuka, Yoshiaki. _960560 |
| 245 | _aNutrient deficiencies of crops | ||
| 260 |
_aTaiwan : _bFood and Fertilizer Technology Center, _c1971 |
||
| 300 |
_a112 p. _b: ilus |
||
| 590 |
_aBATCH-UPD _b10 _c20130110 _lUCH01 _h2241 |
||
| 590 |
_aCONVERSION _b10 _c20130109 _lUCH01 _h1315 |
||
| 650 | 1 | 4 |
_aPlantas _xDeficiencias nutritivas. _988812 |
| 901 | _aBK | ||
| 942 | _cLIBRO | ||
| 949 |
_a581.21 I8 _bBC _cLIBRO _d33724000538971 _eLIBRO _h16758 _i31600 _mD _si |
||
| 999 |
_c26527 _d26527 |
||